Normal view
MARC view
Entry Personal Name
001 - CONTROL NUMBER
- control field: 5262
003 - CONTROL NUMBER IDENTIFIER
- control field: BD-RjUL
005 - DATE AND TIME OF LATEST TRANSACTION
- control field: 20221016092507.0
008 - FIXED-LENGTH DATA ELEMENTS
- fixed length control field: 221016|| aca||aabn | a|a d
040 ## - CATALOGING SOURCE
- Original cataloging agency: BD-RjUL
- Transcribing agency: BD-RjUL
100 ## - HEADING--PERSONAL NAME
- Personal name: কায়সার, আফলাতুন
670 ## - SOURCE DATA FOUND
- Source citation: Work cat.: (BD-RjUL)78096: বুখারী, মুহাম্মদ ইবনে ইসমাইল 237776, সহীহ আল বুখারী = صحيح البخاري /, ২০০১